Statistics for Famous Polish People

Click here to take the quiz!

General Stats

  • This quiz has been taken 83 times
    (81 since last reset)
  • The average score is 6 of 13

Answer Stats

HintFamous polish person% Correct
Physicist, scientist and Nobel prize winner both for physics and chemistryMarie Curie
96%
First non-italian Pope (1978-2005) in more than 400 yearsJohn Paul II
90%
Astronomer, mathematician, scientist known for establishing the concept of heliocentric solar systemNicolaus Copernicus
84%
Poland's greatest composer known for works such as "Nocturnes of Opp. 9"Frederic Chopin
84%
Labour leader, president and Nobel prize winner for peace in 1983Lech Wałęsa
72%
Film director known for "Rosemary's Baby", "Chinatown" and "The Pianist"Roman Polanski
60%
First polish Tennis player to win a WTA title and reach a Grand Slam final in the Open eraAgnieszka Radwanska
45%
Author famous for "Heart of Darkness" and "Lord Jim"Joseph Conrad
31%
Polish model and a "Miami Housewife"Joanna Krupa
27%
Film director known for the "Three Colors Trilogy (Blue, White, Red)"Krzysztof Kieslowski
21%
Model and actress known for the Bond film "GoldenEye" and "Exorcist: the Beginning"Izabella Scorupco
15%
Entrepreneur (and philantropist) best known for her international cosmetics empire that carries her nameHelena Rubinstein
9%
Nobel prize winner in literature (1978), wrote in yiddish of jewish life in pre-WW2 PolandIsaac Bashevis Singer
6%

Score Distribution

Percentile by Number Answered

Percent of People with Each Score

Your Score History

You have not taken this quiz since the last reset